000
00265nam a22001217a 4500
005
20251003115155.0
008
251003b |||||||| |||| 00| 0 eng d
040
_c
PK-LaNCA
082
_a
920
_b
LOU
245
_a
Louis Khan
650
_a
Architecture
942
_c
BK
999
_c
66801
_d
66801